| 000 | 00000nam##2200000za#4500 |
| 001 | 9.663687 |
| 003 | CaOODSP |
| 005 | 20210615121147 |
| 007 | ta |
| 008 | 150407|2002||||xxc||||| f|0| 0 eng|d |
| 020 | |a0-662-66518-X |
| 022 | |a1482-9770 |
| 040 | |aCaOODSP|beng |
| 041 | |aeng |
| 041 | |afre |
| 043 | |an-cn--- |
| 086 | 1 |aA21-44/2002 |
| 110 | 1 |aCanada.|bAgriculture and Agri-Food Canada. |bStrategic Policy Branch. |
| 245 | 10|aFarm income, financial conditions and government assistance : |bdata book / |cIssued by the Farm Income and Adaptation Policy Directorate. |
| 260 | |aOttawa - Ontario : |bAgriculture and Agri-Food Canada. |c2002. |
| 300 | |aEnglish text, 94p. : |bgraphs, tables ; |c28 cm. |
| 546 | |aBilingual |
| 563 | |aSpiral binding |
| 590 | |a02-17|b2002-04-26 |
| 690 | 07|aFarming|2gcpds |
| 690 | 07|aIncome|2gcpds |
| 776 | 0#|tRevenu agricole, situation financière et aide gouvernementale : |w(CaOODSP)9.637694 |
| 776 | 0#|tFarm income, financial conditions and government assistance : |w(CaOODSP)9.693516 |
| 792 | |tRevenu agricole, situation financière et aide gouvernementale : |efre|w(CaOODSP)9.663688 |
| 986 | |aPublication 2119/B |